|
|
|
|
| LEADER |
00000nam a22000007a 4500 |
| 005 |
20161215231621.0 |
| 007 |
cr|||| |||| |
| 008 |
161215s2016 br |||||s|||| 00||0 por d |
| 020 |
|
|
|a 978-85-8183-081-0
|
| 035 |
|
|
|a 14714
|
| 040 |
|
|
|a vLex
|
| 090 |
|
|
|c 6506
|d 6506
|
| 100 |
1 |
|
|a Fernandes Castilho, Jos ̌Roberto
|
| 245 |
1 |
0 |
|a Legislaȯ̂ Bs̀ica de Direito da Informt̀ica
|h [Recurso electrn̤ico] /
|c Jos ̌Roberto Fernandes Castilho
|
| 256 |
|
|
|a Servicio en ln̕ea
|
| 260 |
|
|
|a San Pablo:
|b Pillares,
|c 2016
|
| 300 |
|
|
|a 1 recurso electrn̤ico
|
| 506 |
1 |
|
|a Disponible solo en los productos indicados
|d vLex Global
|d vLex Global (Academic Edition, excluding Law Schools)
|d vLex Global (U.S. Academic Edition, Law Schools)
|d vLex Global (U.S. Academic Edition, excluding Law Schools)
|d vLex Global (Academic Edition, Law Schools)
|
| 650 |
0 |
4 |
|a Derecho Constitucional
|z Brasil
|
| 740 |
0 |
|
|a vLex Libros (Servicio en ln̕ea)
|
| 856 |
4 |
0 |
|u http://vlex.com/source/legisla-o-basica-direito-informatica-14714
|z Acceso restringido
|
| 942 |
|
|
|c BOOK
|
| 999 |
0 |
|
|a Constitutional Law
|